| 000 | 00527nam a22001695i 4500 | ||
|---|---|---|---|
| 001 | 68717 | ||
| 003 | ES-MaACL | ||
| 005 | 20230906170338.0 | ||
| 007 | t| | ||
| 008 | 960826s1879 it ||||1| ita d | ||
| 100 | 1 |
_aGentile, Iginio. _956358 |
|
| 245 | 1 | 3 |
_aLe elezioni e il broglio nella repubblica romana : _bstudio di storia / _cdel prof. Iginio Gentile. |
| 260 |
_aNapoli : _bUlrico Hoepli, _c1879 ( _fG. Bernardoni) |
||
| 300 |
_aXV, 311 p. ; _c19 cm. |
||
| 650 | 4 |
_aPolĂtica- _zRoma. _9173294 |
|
| 852 |
_aES-MaACL _jG-7413 |
||
| 999 |
_c68717 _d68717 |
||